000 00249 a2200097 4500
001 30949
100 _aSyed Abdul Yahy
245 _aNazait-ul-Khawtir: Behjatul Masamigh wa Al Nawazir
260 _aLahore
_bMaqbool academy
_c
090 _c20840
_d20840
942 _aNUST-CAE
_cM
_c12048
999 _c266022
_d266022